|
|
|
|
| LEADER |
02511nam a2200625 i 4500 |
| 001 |
nkc20182965632 |
| 003 |
CZ PrNK |
| 005 |
20180807084343.0 |
| 007 |
ta |
| 008 |
180109s2018 xr ac e c 000 0dcze |
| 020 |
|
|
|a 978-80-87605-14-1
|q (brožováno)
|
| 040 |
|
|
|a OLA001
|b cze
|d ABA001
|e rda
|
| 043 |
|
|
|a e-xr---
|a e-un---
|
| 045 |
|
|
|a x1x4
|
| 072 |
|
7 |
|a 75
|x Malířství
|2 Konspekt
|9 21
|
| 080 |
|
|
|a 75(437.3)
|2 MRF
|
| 080 |
|
|
|a 75.036/.038
|2 MRF
|
| 080 |
|
|
|a 355.48(100)"1914/1918"
|2 MRF
|
| 080 |
|
|
|a 7.04
|2 MRF
|
| 080 |
|
|
|a (437.3)
|2 MRF
|
| 080 |
|
|
|a (477)
|2 MRF
|
| 080 |
|
|
|a (083.824)
|2 MRF
|
| 100 |
1 |
|
|a Vlček, Jindra,
|d 1885-1968
|7 hka0076142
|4 art
|
| 245 |
1 |
0 |
|a Jindřich Vlček :
|b malíř ruských legií : sibiřská anabáze I. světové války a Hradec Králové očima malíře Jindřicha Vlčka : Galerie moderního umění v Hradci Králové /
|c text Klára Zářecká
|
| 246 |
3 |
|
|a Jindřich Vlček - malíř ruských legií
|
| 246 |
3 |
0 |
|a Malíř ruských legií
|
| 250 |
|
|
|a První vydání
|
| 264 |
|
1 |
|a Hradec Králové :
|b Galerie moderního umění v Hradci Králové,
|c 2018
|
| 300 |
|
|
|a 23 stran :
|b ilustrace (převážně barevné), portréty ;
|c 23 cm
|
| 336 |
|
|
|a text
|b txt
|2 rdacontent
|
| 336 |
|
|
|a statický obraz
|b sti
|2 rdacontent
|
| 337 |
|
|
|a bez média
|b n
|2 rdamedia
|
| 338 |
|
|
|a svazek
|b nc
|2 rdacarrier
|
| 500 |
|
|
|a Katalog k výstavě konané 2. března - 27. května 2018
|
| 500 |
|
|
|a 250 výtisků
|
| 600 |
1 |
7 |
|a Vlček, Jindra,
|d 1885-1968
|7 hka0076142
|2 czenas
|
| 648 |
|
4 |
|a 1912-1940
|
| 648 |
|
7 |
|a 20. století
|7 ch460558
|2 czenas
|
| 650 |
0 |
7 |
|a české malířství
|7 ph116864
|y 20. století
|2 czenas
|
| 650 |
0 |
7 |
|a moderní malířství
|7 ph122940
|z Česko
|2 czenas
|
| 650 |
0 |
7 |
|a první světová válka (1914-1918)
|7 ph126327
|z Ukrajina
|2 czenas
|
| 650 |
0 |
7 |
|a umělecké náměty
|7 ph138227
|2 czenas
|
| 650 |
0 |
9 |
|a Czech painting
|y 20th century
|2 eczenas
|
| 650 |
0 |
9 |
|a modern painting
|z Czechia
|2 eczenas
|
| 650 |
0 |
9 |
|a World War (1914-1918)
|z Ukraine
|2 eczenas
|
| 650 |
0 |
9 |
|a artistic themes
|2 eczenas
|
| 655 |
|
7 |
|a katalogy výstav
|7 fd132536
|2 czenas
|
| 655 |
|
9 |
|a exhibition catalogs
|2 eczenas
|
| 700 |
1 |
|
|a Zářecká, Klára,
|d 1977-
|7 mzk2009529197
|4 aut
|
| 710 |
2 |
|
|a Galerie moderního umění (Hradec Králové, Česko)
|7 kn20010709266
|4 orm
|
| 910 |
2 |
|
|a BOA001
|b 2-1410.818
|
| 990 |
|
|
|a BK
|
| 995 |
|
|
|a 11
|
| 991 |
|
|
|b 201807
|c NOV
|
| 996 |
6 |
|
|b 2610749651
|c 2-1410.818
|l MZK
|r Sklad / do 1 hodiny
|n 0
|p p.v.
|w 001675039
|u 000010
|a 1
|e BOA001
|j MZK50
|s P
|